000 00887nam a22002897a 4500
001 BR6001189
003 BR-BrBNA
005 20230928083051.0
007 ta
008 230509b bl.||||| |||| 00| 0 por d
040 _aBR-BrBNA
_bpor
_cBiblioteca Nacional de Agricultura
041 _a(Por)
072 _aL10
_b5250
_b/G514
090 _ 5250 BR6001189
100 1 _aFreitas, H. de
110 1 _aSecretaria da Agricultura Industria e Comercio, Salvador, BA (Brasil). Depto. de Agronomia
_98330
245 1 _aOs caprinos do nordeste bahiano e suas possibilidades [Genetica animal; Brasil]
260 3 _aSalvador, BA (Brasil):
_bGrafica Comercial,
_c[nd].
300 _a28 p.
500 _aPublished after 1938
650 _aMelhoramento genetico animal
650 _aCaprino
650 _aRaca
650 _aBahia
909 _a202309
_bLucia
_c55
_dLucia Elande
942 _cBK
999 _c11389
_d11389